K některým problémům estetické výchovy pracujících 5

Na minha lista:
Detalhes bibliográficos
Formato: Livro
Idioma:tcheco
Publicado em: Praha Ústav pro výzkum kultury 1985
Tags: Adicionar Tag
Sem tags, seja o primeiro a adicionar uma tag!

MARC

LEADER 00000nam a2200000 4500
001 c034407
005 20251111085440.5
041 0 |a cze 
044 |a CZ 
245 1 0 |a K některým problémům estetické výchovy pracujících 5 
264 1 |a Praha  |b Ústav pro výzkum kultury  |c 1985 
300 |a 155 s.